000 00360nam a22001217a 4500
008 190315b xxu||||| |||| 00| 0 eng d
041 _aeng
080 _a043.3
100 _a0
101 _aMBE-BA
245 _aRoli i teknologjisë dhe i praktikave të hulumtimit dhe zhvillimit në përmirësimin e produktivitetit të biznesit
_cZylfiu,G
942 _2udc
_cBK
999 _c54847
_d54847